Countries by Little Flag Emoji - Statistics

General Stats
  • This quiz has been taken 120 times
  • The average score is 9 of 10
Answer Stats
Flag Country % Correct
🇺🇸 United States
100%
🇯🇵 Japan
95%
🇫🇷 France
91%
🇮🇹 Italy
91%
🇷🇺 Russia
90%
🇬🇧 United Kingdom
89%
🇨🇳 China
79%
🇪🇸 Spain
77%
🇩🇪 Germany
76%
🇰🇷 South Korea
69%
No matching quizzes found
Score Distribution
Percent of People with Each Score
Percentile by Number Answered
Your Score History
You have not taken this quiz